WIKT 2010. Proceedings, 5th Workshop on Intelligent and Knowledge oriented Technologies, November 11-12, 2010 Bratislava, Slovakia
Gespeichert in:
| Weitere Verfasser: | , |
|---|---|
| Format: | Buch |
| Sprache: | Slowakisch Tschechisch Englisch |
| Veröffentlicht: |
Bratislava :
Ústav informatiky SAV,
2010
|
| Tags: |
Keine Tags, Fügen Sie das erste Tag hinzu!
|
MARC
| LEADER | 00000nam a22000003a 4500 | ||
|---|---|---|---|
| 001 | stu216238 | ||
| 005 | 20160826151512.5 | ||
| 008 | 101112s2010----xo------------------slo-d | ||
| 020 | |a 978-80-970145-2-0 | ||
| 040 | |a STU |b slo | ||
| 041 | 0 | |a slo |a cze |a eng | |
| 044 | |a xo | ||
| 100 | 1 | |a Laclavík, Michal |4 edt | |
| 245 | 1 | |a WIKT 2010. Proceedings, 5th Workshop on Intelligent and Knowledge oriented Technologies, November 11-12, 2010 Bratislava, Slovakia | |
| 260 | |a Bratislava : |b Ústav informatiky SAV, |c 2010 | ||
| 300 | |a 140 s | ||
| 700 | 1 | |a Hluchý, Ladislav |4 edt | |
| 996 | |b IZ596 |c I*Z596 |l II680 |s A |a 24 |w stu216238_0001 | ||
| 996 | |b IZ597 |c I*Z597 |l II680 |s A |a 24 |w stu216238_0002 | ||
| 996 | |c I*Z8012 |l I |s A |a 24 |w stu216238_0003 | ||